Statystyki dla Alfabet Rosyjski (Cyrylica)

Kliknij tutaj aby rozwiązać quiz!

Ogólne statystyki

  • Ten quiz został rozwiązany 9 352 razy
  • Średni wynik to 25 z 33

Statystyki odpowiedzi

Odpowiedź% Poprawnych
А аA
100%
Б бB
98%
Д дD
89%
В вW
88%
Г гG
85%
М мM
85%
О оO
85%
К кK
84%
Т тT
84%
Р рR
83%
C cS
83%
Н нN
81%
И иI
80%
П пP
80%
Л лL
79%
У уU
79%
Ж жŻ
79%
Ф фF
77%
З зZ
77%
Й йJ
76%
Е еJE
74%
Ш шSZ
71%
Ё ёJO
70%
Я яJA
68%
Ц цC
66%
Э эE
65%
Ю юJU
60%
Щ щSZCZ
58%
Х хCH
57%
Ч чCZ
57%
Ы ыY
57%
Ь ьMiękki znak
44%
Ъ ъTwardy znak
44%

Rozkład punktacji

Percentyl według liczby udzielonych odpowiedzi

Procent ludzi z każdym wynikiem

Twoja historia wyników

Nie rozwiązałeś tego quizu